<?xml version="1.0" encoding="UTF-8"?>
<record
    xmlns:xsi="http://www.w3.org/2001/XMLSchema-instance"
    xsi:schemaLocation="http://www.loc.gov/MARC21/slim http://www.loc.gov/standards/marcxml/schema/MARC21slim.xsd"
    xmlns="http://www.loc.gov/MARC21/slim">

  <leader>01120nam a22002537a 4500</leader>
  <controlfield tag="005">20170124102922.0</controlfield>
  <datafield tag="010" ind1=" " ind2=" ">
    <subfield code="a">A-804934</subfield>
  </datafield>
  <datafield tag="020" ind1=" " ind2=" ">
    <subfield code="c">150.00</subfield>
  </datafield>
  <datafield tag="035" ind1=" " ind2=" ">
    <subfield code="a">A-804934</subfield>
  </datafield>
  <datafield tag="037" ind1=" " ind2=" ">
    <subfield code="b">Cen Lib / Ret</subfield>
  </datafield>
  <datafield tag="040" ind1=" " ind2=" ">
    <subfield code="a">DPL</subfield>
    <subfield code="b">HN</subfield>
  </datafield>
  <datafield tag="082" ind1=" " ind2=" ">
    <subfield code="a">954.16</subfield>
    <subfield code="b"> &#x936;&#x930;&#x94D;&#x92E;&#x93E;</subfield>
  </datafield>
  <datafield tag="100" ind1=" " ind2=" ">
    <subfield code="a">&#x936;&#x930;&#x94D;&#x92E;&#x93E;,&#x930;&#x93E;&#x91C;&#x947;&#x902;&#x926;&#x94D;&#x930;</subfield>
    <subfield code="9">9723</subfield>
  </datafield>
  <datafield tag="245" ind1=" " ind2=" ">
    <subfield code="a">&#x926;&#x938;&#x94D;&#x924;&#x93E;&#x928;&#x947; &#x926;&#x93F;&#x932;&#x94D;&#x932;&#x940; :</subfield>
    <subfield code="c">&#x930;&#x93E;&#x91C;&#x947;&#x902;&#x926;&#x94D;&#x930; &#x936;&#x930;&#x94D;&#x92E;&#x93E;</subfield>
    <subfield code="b">&#x92C;&#x940;&#x924;&#x93E; &#x92F;&#x941;&#x917; &#x91C;&#x940;&#x924;&#x93E; &#x92F;&#x941;&#x917;</subfield>
  </datafield>
  <datafield tag="246" ind1=" " ind2=" ">
    <subfield code="a">Dastane dilli : bita yug jeeta yug</subfield>
    <subfield code="b">by Rajendra Sharma</subfield>
  </datafield>
  <datafield tag="260" ind1=" " ind2=" ">
    <subfield code="a"> &#x926;&#x93F;&#x932;&#x94D;&#x932;&#x940;</subfield>
    <subfield code="b"> &#x930;&#x93E;&#x91C;&#x92D;&#x93E;&#x937;&#x93E; &#x92A;&#x94D;&#x930;&#x915;&#x93E;&#x936;&#x928;</subfield>
    <subfield code="c">1996</subfield>
  </datafield>
  <datafield tag="270" ind1=" " ind2=" ">
    <subfield code="a">518/6-&#x92C;&#x940;,&#x935;&#x93F;&#x936;&#x94D;&#x935;&#x93E;&#x938; &#x928;&#x917;&#x930;,&#x936;&#x93E;&#x939;&#x926;&#x930;&#x93E;</subfield>
    <subfield code="b"> &#x926;&#x93F;&#x932;&#x94D;&#x932;&#x940;</subfield>
    <subfield code="e">110032</subfield>
  </datafield>
  <datafield tag="300" ind1=" " ind2=" ">
    <subfield code="a">136&#x92A;&#x943;&#x937;&#x94D;&#x920;.</subfield>
    <subfield code="c">21&#x938;&#x947;&#x92E;&#x940; &#x938;&#x91C;&#x93F;&#x932;&#x94D;&#x926;)</subfield>
  </datafield>
  <datafield tag="650" ind1=" " ind2=" ">
    <subfield code="a">&#x92D;&#x93E;&#x930;&#x924; &#x915;&#x93E; &#x907;&#x924;&#x93F;&#x939;&#x93E;&#x938;</subfield>
    <subfield code="v">&#x939;&#x93F;&#x902;&#x926;&#x940; &#x928;&#x93F;&#x92C;&#x902;&#x927;</subfield>
    <subfield code="9">9724</subfield>
  </datafield>
  <datafield tag="650" ind1=" " ind2=" ">
    <subfield code="a">&#x907;&#x924;&#x93F;&#x939;&#x93E;&#x938;</subfield>
    <subfield code="z">&#x926;&#x93F;&#x932;&#x94D;&#x932;&#x940;</subfield>
    <subfield code="9">9725</subfield>
  </datafield>
  <datafield tag="650" ind1=" " ind2=" ">
    <subfield code="a">History of India</subfield>
    <subfield code="v">Hindi Essay</subfield>
    <subfield code="9">9726</subfield>
  </datafield>
  <datafield tag="650" ind1=" " ind2=" ">
    <subfield code="a">History </subfield>
    <subfield code="z">Delhi</subfield>
    <subfield code="9">418</subfield>
  </datafield>
  <datafield tag="942" ind1=" " ind2=" ">
    <subfield code="2">ddc</subfield>
    <subfield code="c">HN</subfield>
    <subfield code="h">954.16</subfield>
    <subfield code="m"> &#x936;&#x930;&#x94D;&#x92E;&#x93E;</subfield>
  </datafield>
  <datafield tag="999" ind1=" " ind2=" ">
    <subfield code="c">111336</subfield>
    <subfield code="d">111336</subfield>
  </datafield>
  <datafield tag="952" ind1=" " ind2=" ">
    <subfield code="0">0</subfield>
    <subfield code="1">0</subfield>
    <subfield code="4">0</subfield>
    <subfield code="7">1</subfield>
    <subfield code="8">REF</subfield>
    <subfield code="a">L</subfield>
    <subfield code="b">L</subfield>
    <subfield code="d">2015-05-25</subfield>
    <subfield code="e">Cen Lib/Ret</subfield>
    <subfield code="g">150.00</subfield>
    <subfield code="l">0</subfield>
    <subfield code="o">954.16 &#x936;&#x930;&#x94D;&#x92E;&#x93E;</subfield>
    <subfield code="p">A-804934</subfield>
    <subfield code="r">2015-05-25 00:00:00</subfield>
    <subfield code="t">1</subfield>
    <subfield code="v">150.00</subfield>
    <subfield code="w">2015-05-25</subfield>
    <subfield code="y">HN</subfield>
  </datafield>
</record>
